00373nam a22001455a 450000500170000001000170001702000260003403500170006008200150007710000170009224500400010926000430014930000220019250000130021420180412171141.0 aB-690776-777 a9788170494843c795.00 aB-690776-777 a355.331092 aSushil Kumar aJawan to general /cby Sushil Kumar aNew Delhi :bManas Publications,c2014 a296p. ;c22cm(Hb) aBalidani